| 000 | 00446nam a2200169Ia 4500 | ||
|---|---|---|---|
| 008 | 230917s9999||||xx |||||||||||||| ||und|| | ||
| 020 | _cRS550 | ||
| 040 |
_e229948 _aMAIN |
||
| 041 | _aEnglish | ||
| 082 | _a658.3 S58H | ||
| 100 | _aSanghi, Seema | ||
| 245 | 0 | _aHuman resource management | |
| 260 |
_aNoida _bVikas Publishing House _c2015 |
||
| 300 | _axv, 376 p. | ||
| 500 | _a2227 24/12/2015 HBD15/1244 31/12/2015 Main Budget | ||
| 942 | _cBK | ||
| 999 |
_c17060 _d17060 |
||